Statistiques concernant Les Emma célèbres

Cliquez ici pour prendre le quiz!

Statistiques générales

  • Ce quiz a été pris 147 fois
  • Le résultat moyen est 3 sur 12

Statistiques - réponses

Réponse% Correct
Emma Watson
95%
Emma Stone
70%
Emma Mackey
39%
Emma Thompson
37%
Emma de Caunes
28%
Emma Smet
24%
Emma Roberts
22%
Emma Chamberlain
13%
Emma Bunton
9%
Emma Sjoberg
4%
Emma Caulfield
3%
Emma Colberti
3%

Distribution des résultats

Percentile par nombre de réponses

% des personnes avec chaque résultat

Votre développement - résultats

Vous n’avez pas pris ce quiz